000 00460nam a2200157 i 4500
001 74694
003 ES-MaACL
005 20230906172222.0
007 t|
008 040920s1971 sp ||||1| spa d
100 1 _aGonzález Ruiz, José María.
_958943
245 1 0 _a¡Ay de mi, si no evangelizare! /
_cJosé María González Ruiz.
260 _aBilbao :
_bDesclée de Brouwer,
_c[1971]
300 _a124 p. ;
_c21 cm.
852 _aES-MaACL
_jC-46195
_bR.80442
999 _c74694
_d74694